Phương pháp phân tích kinh tế và môi trường thông qua mô hình Input - Output : (I/O Modelling) /
Phân tích những ảnh hưởng về kinh tế thông qua nhân tử - ra (I/O multipliers); Khái quát về mô hình I/O liên vùng và phương pháp lập; Phân tích kinh tế và môi trường từ bảng I/O liên vùng; Một số phân tích từ bảng I/O liên vùng của Việt Nam (Tp. Hồ Chí Minh và phần còn lại của Việt Nam) năm 1996; Bả...
Đã lưu trong:
| Tác giả chính: | |
|---|---|
| Tác giả khác: | , |
| Định dạng: | Sách |
| Ngôn ngữ: | Vietnamese |
| Được phát hành: |
Hà Nội :
Thống kê,
2004.
|
| Những chủ đề: | |
| Các nhãn: |
Thêm thẻ
Không có thẻ, Là người đầu tiên thẻ bản ghi này!
|
| Thư viện lưu trữ: | Mạng thư viện Đại học Đà Nẵng |
|---|
| LEADER | 01777cam a2200397 a 4500 | ||
|---|---|---|---|
| 001 | 000044544 | ||
| 003 | 2945 | ||
| 005 | 20060421143832.0 | ||
| 008 | 010220b2004 vm 000 vie | ||
| 020 | |c 25000 | ||
| 040 | |a LRC |c LRC |d LRC | ||
| 041 | 0 | |a vie | |
| 082 | 1 | 4 | |a 339.23 |b BU-C |
| 100 | 1 | |a Bùi Bá Cường. | |
| 245 | 1 | 0 | |a Phương pháp phân tích kinh tế và môi trường thông qua mô hình Input - Output : |b (I/O Modelling) / |c Bùi Bá Cường, Bùi Trinh, Dương Mạnh Hùng. |
| 260 | |a Hà Nội : |b Thống kê, |c 2004. | ||
| 300 | |a 227 tr. ; |c 20,5 cm. | ||
| 520 | 3 | |a Phân tích những ảnh hưởng về kinh tế thông qua nhân tử - ra (I/O multipliers); Khái quát về mô hình I/O liên vùng và phương pháp lập; Phân tích kinh tế và môi trường từ bảng I/O liên vùng; Một số phân tích từ bảng I/O liên vùng của Việt Nam (Tp. Hồ Chí Minh và phần còn lại của Việt Nam) năm 1996; Bảng I/O liên vùng giữa Tp. Hồ Chí Minh và phần còn lại của Việt Nam năm 1996. | |
| 630 | 0 | 4 | |a Kinh tế. |
| 630 | 0 | 4 | |a Môi trường. |
| 650 | 0 | 4 | |a Kinh tế |x Phân tích. |
| 650 | 0 | 4 | |a Môi trường |x Kinh tế. |
| 700 | 1 | |a Bùi Trinh. | |
| 700 | 1 | |a Dương Mạnh Hùng. | |
| OWN | |a DUT | ||
| AVA | |a UDN50 |b DUT |c Book |d 339.23 BU-C |e available |t Error 5001 Not defined in file expand_doc_bib_avail. |f 5 |g 0 |h N |i 0 |j SH |k 1 | ||
| 999 | |a From the UDN01 | ||
| AVA | |a UDN50 |b DUT |c Book |d 339.23 BU-C |e available |t Error 5001 Not defined in file expand_doc_bib_avail. |f 5 |g 0 |h N |i 0 |j SH |k 1 | ||
| TYP | |a Monograph | ||
| TYP | |a Printed language | ||
| 980 | |a Mạng thư viện Đại học Đà Nẵng | ||